[Event "Krakow op-A 32nd"]
[Site "Krakow"]
[Date "2022.01.04"]
[Round "9"]
[White "Piekielny, Pawel"]
[Black "Svendsen, Bertil"]
[Result "1-0"]
[WhiteElo "2104"]
[BlackElo "2251"]
[PlyCount "43"]
[EventDate "2021.12.27"]
[EventType "swiss"]
[EventRounds "9"]
[EventCountry "POL"]
[SourceTitle "EXT 2023"]
[Source "ChessBase"]
[SourceDate "2022.10.05"]
[SourceVersion "1"]
[SourceVersionDate "2022.10.05"]
[SourceQuality "1"]

1. e4 c5 2. Nf3 d6 3. d4 cxd4 4. Nxd4 Nf6 5. Nc3 g6 6. Be3 Bg7 7. f3 0-0 8. Qd2 Nc6 9. g4 Be6 10. Nxe6 fxe6 11. 0-0-0 Ne5 12. Be2 Qc8 13. h4 Nfd7 14. h5 Nc4 15. Bxc4 Qxc4 16. hxg6 hxg6 17. f4 Rfd8 18. f5 Kf7 19. fxg6+ Kxg6 20. Bh6 Bf6 21. Qh2 Qc5 22. Rd5 1-0

[Event "Krakow op-A 32nd"]
[Site "Krakow"]
[Date "2021.12.30"]
[Round "4"]
[White "Svendsen, Bertil"]
[Black "Matsumura, Cocoro"]
[Result "1-0"]
[WhiteElo "2251"]
[BlackElo "2121"]
[PlyCount "79"]
[EventDate "2021.12.27"]
[EventType "swiss"]
[EventRounds "9"]
[EventCountry "POL"]
[SourceTitle "EXT 2023"]
[Source "ChessBase"]
[SourceDate "2022.10.05"]
[SourceVersion "1"]
[SourceVersionDate "2022.10.05"]
[SourceQuality "1"]

1. Nf3 d5 2. c4 e6 3. g3 Nf6 4. Bg2 Be7 5. d4 0-0 6. 0-0 dxc4 7. Ne5 Nc6 8. Nxc6 bxc6 9. Na3 Rb8 10. Nxc4 c5 11. Na5 Bd7 12. dxc5 Bxc5 13. Nb7 Qe7 14. Nxc5 Qxc5 15. Be3 Qa5 16. Qc2 Nd5 17. Bc5 Rfd8 18. b3 Bb5 19. Rfc1 Rd7 20. a4 Ba6 21. Bxd5 Rxd5 22. b4 Rxc5 23. Qxc5 Qxb4 24. Qxb4 Rxb4 25. Rxc7 g5 26. Rxa7 Bxe2 27. a5 Bf3 28. Rc7 Kg7 29. a6 Rb8 30. a7 Ra8 31. Rc4 h5 32. Rb4 h4 33. Rb8 hxg3 34. hxg3 f5 35. Rxa8 Bxa8 36. Rb1 f4 37. Rb8 Bf3 38. a8Q Bxa8 39. Rxa8 f3 40. g4 1-0

[Event "PRO League Stage"]
[Site "Chess.com INT"]
[Date "2017.02.22"]
[Round "7"]
[White "Svendsen, Bertil"]
[Black "Beletic, Daniel"]
[Result "1-0"]
[WhiteElo "2214"]
[BlackElo "2286"]
[PlyCount "65"]
[EventDate "2017.01.11"]
[EventType "team-swiss (rapid)"]
[EventRounds "7"]
[EventCountry "USA"]
[SourceTitle "EXT 2018"]
[Source "ChessBase"]
[SourceDate "2017.10.13"]
[SourceVersion "1"]
[SourceVersionDate "2017.10.13"]
[SourceQuality "1"]
[WhiteTeam "Norway Gnomes"]
[BlackTeam "Ljubljana Direwolves"]
[WhiteTeamCountry "NOR"]
[BlackTeamCountry "SLO"]

1. d4 d5 2. c4 c6 3. Nf3 Nf6 4. Nc3 dxc4 5. a4 Bf5 6. e3 e6 7. Bxc4 Bb4 8. 0-0 Nbd7 9. Nh4 Bg4 10. f3 Bh5 11. g4 Nd5 12. Ng2 Bg6 13. Na2 Be7 14. e4 N5b6 15. Bb3 a5 16. Nc3 e5 17. dxe5 Nxe5 18. f4 Nd3 19. f5 Bc5+ 20. Kh1 Nf2+ 21. Rxf2 Bxf2 22. Qf3 f6 23. Qxf2 Bf7 24. Bxf7+ Kxf7 25. Nf4 Nc4 26. Qe2 Ne5 27. Be3 Qe7 28. Ne6 g5 29. Bd4 Qd6 30. Rd1 h5 31. Bxe5 Qxe5 32. Rd7+ Ke8 33. Qd1 1-0

[Event "EU-Cup 32nd"]
[Site "Novi Sad"]
[Date "2016.11.06"]
[Round "1.6"]
[White "Svendsen, Bertil"]
[Black "Stern, Geoffrey"]
[Result "1-0"]
[WhiteElo "2229"]
[BlackElo "1921"]
[PlyCount "55"]
[EventDate "2016.11.06"]
[EventType "team-swiss"]
[EventRounds "7"]
[EventCountry "SRB"]
[SourceTitle "CBM 176"]
[Source "ChessBase"]
[SourceDate "2017.01.17"]
[SourceVersion "1"]
[SourceVersionDate "2017.01.17"]
[SourceQuality "1"]
[WhiteTeam "Vaalerenga"]
[BlackTeam "Bonnevoie Gambit"]
[WhiteTeamCountry "NOR"]
[BlackTeamCountry "LUX"]

1. d4 e6 2. c4 d5 3. Nf3 Nf6 4. g3 dxc4 5. Qa4+ Nbd7 6. Qxc4 b6 7. Bg2 Bb7 8. 0-0 c5 9. Rd1 Rc8 10. Nc3 cxd4 11. Qxd4 Bc5 12. Qa4 Bc6 13. Qh4 Qe7 14. e4 h6 15. e5 Nd5 16. Bg5 Qf8 17. Bd2 Qe7 18. Qg4 Nxc3 19. Bxc3 0-0 20. Nd2 Bxg2 21. Kxg2 Qg5 22. Qxg5 hxg5 23. Ne4 Rfd8 24. Nxg5 Kf8 25. Ne4 b5 26. Nxc5 Nxc5 27. Rxd8+ Rxd8 28. Bb4 1-0

[Event "NOR-chB"]
[Site "Oslo"]
[Date "2015.07.06"]
[Round "4"]
[White "Gonzalez, Francisco Silva"]
[Black "Svendsen, Bertil"]
[Result "1/2-1/2"]
[WhiteElo "2010"]
[BlackElo "2188"]
[PlyCount "64"]
[EventDate "2015.07.04"]
[EventType "swiss"]
[EventRounds "9"]
[EventCountry "NOR"]
[SourceTitle "EXT 2017"]
[Source "ChessBase"]
[SourceDate "2016.10.25"]
[SourceVersion "1"]
[SourceVersionDate "2016.10.25"]
[SourceQuality "1"]

1. d4 Nf6 2. c4 d6 3. Nc3 Nbd7 4. Nf3 e5 5. Bg5 Be7 6. e3 0-0 7. Be2 c6 8. 0-0 Ne8 9. Bxe7 Qxe7 10. b4 f5 11. a4 a5 12. b5 Rf6 13. Qb3 Rh6 14. Rfd1 e4 15. Nd2 c5 16. Nf1 b6 17. Nd5 Qf7 18. dxc5 Nxc5 19. Qc2 Rb8 20. Ng3 g5 21. f4 g4 22. Qb2 Nf6 23. Rd4 Nxd5 24. Rxd5 Nb7 25. Rad1 Be6 26. Rxd6 Nxd6 27. Rxd6 Qf6 28. Qd2 Rg6 29. Nh5 Qh4 30. Ng3 Qf6 31. Nh5 Qh4 32. Ng3 Qf6 1/2-1/2

[Event "NOR-chB"]
[Site "Oslo"]
[Date "2015.07.05"]
[Round "2"]
[White "Kjolberg, Jens Hjorth"]
[Black "Svendsen, Bertil"]
[Result "1-0"]
[WhiteElo "2061"]
[BlackElo "2188"]
[PlyCount "85"]
[EventDate "2015.07.04"]
[EventType "swiss"]
[EventRounds "9"]
[EventCountry "NOR"]
[SourceTitle "EXT 2017"]
[Source "ChessBase"]
[SourceDate "2016.10.25"]
[SourceVersion "1"]
[SourceVersionDate "2016.10.25"]
[SourceQuality "1"]

1. e4 c5 2. Nf3 d6 3. d4 cxd4 4. Nxd4 Nf6 5. Nc3 g6 6. Be3 Bg7 7. f3 0-0 8. Qd2 Nc6 9. 0-0-0 Nxd4 10. Bxd4 Be6 11. Kb1 Qc7 12. h4 Rfc8 13. h5 Qa5 14. hxg6 hxg6 15. a3 Rab8 16. Bd3 b5 17. Qg5 Qc7 18. e5 dxe5 19. Bxe5 Qc5 20. b4 Qxc3 21. Bxc3 Rxc3 22. Kc1 Rxa3 23. Kd2 Nd5 24. Rde1 Bc3+ 25. Ke2 Bf6 26. Qh6 Rc8 27. Kf2 Bg7 28. Qh4 Rc6 29. g4 Kf8 30. g5 Rc8 31. Rh2 a6 32. Qh7 Nf4 33. Reh1 Bd4+ 34. Kg3 Nh5+ 35. Rxh5 gxh5 36. Rxh5 Ra1 37. Rh1 Rxh1 38. Qxh1 Ke8 39. f4 Bc4 40. Qb7 Kd8 41. Qxa6 Bc3 42. Bxc4 Rxc4 43. Qa5+ 1-0

[Event "NOR-chB"]
[Site "Oslo"]
[Date "2015.07.04"]
[Round "7"]
[White "Svendsen, Bertil"]
[Black "Guttulsrud, Odd Martin"]
[Result "0-1"]
[WhiteElo "2188"]
[BlackElo "2225"]
[PlyCount "56"]
[EventDate "2015.07.04"]
[EventType "swiss"]
[EventRounds "9"]
[EventCountry "NOR"]
[SourceTitle "EXT 2017"]
[Source "ChessBase"]
[SourceDate "2016.10.25"]
[SourceVersion "1"]
[SourceVersionDate "2016.10.25"]
[SourceQuality "1"]

1. c4 Nf6 2. g3 g6 3. Bg2 Bg7 4. Nc3 0-0 5. d3 d6 6. Bg5 h6 7. Bd2 Nc6 8. e4 e5 9. Nge2 Be6 10. 0-0 Qd7 11. Nd5 Nh5 12. f3 f5 13. b4 Nd8 14. Ndc3 f4 15. g4 Nf6 16. h3 Nf7 17. Qa4 c6 18. Be1 h5 19. Bh4 Nh7 20. Rad1 hxg4 21. hxg4 Bxg4 22. fxg4 Qxg4 23. Be1 Nfg5 24. Rd2 f3 25. Ng3 fxg2 26. Rxf8+ Rxf8 27. Qd1 Nf3+ 28. Kxg2 Nhg5 0-1

[Event "NOR-chB"]
[Site "Oslo"]
[Date "2015.07.04"]
[Round "5"]
[White "Svendsen, Bertil"]
[Black "Kvamme, John Agnar"]
[Result "1/2-1/2"]
[WhiteElo "2188"]
[BlackElo "2102"]
[PlyCount "62"]
[EventDate "2015.07.04"]
[EventType "swiss"]
[EventRounds "9"]
[EventCountry "NOR"]
[SourceTitle "EXT 2017"]
[Source "ChessBase"]
[SourceDate "2016.10.25"]
[SourceVersion "1"]
[SourceVersionDate "2016.10.25"]
[SourceQuality "1"]

1. c4 c5 2. g3 g6 3. Bg2 Bg7 4. Nf3 Nc6 5. 0-0 Nh6 6. Nc3 Nf5 7. a3 h5 8. Rb1 h4 9. d3 b6 10. Bd2 Bb7 11. b4 cxb4 12. axb4 hxg3 13. hxg3 Qb8 14. Bf4 d6 15. Ne4 Ncd4 16. Nxd4 Nxd4 17. c5 Be5 18. Bxe5 dxe5 19. e3 Ne6 20. c6 Bxc6 21. Nf6+ exf6 22. Bxc6+ Ke7 23. Bxa8 Qxa8 24. f3 Ng5 25. e4 Qc8 26. Qe2 Nh3+ 27. Kg2 Nf4+ 28. gxf4 Qh3+ 29. Kf2 Qh4+ 30. Ke3 Qxf4+ 31. Kf2 Qh4+ 1/2-1/2

[Event "Oslo Nordstrand op"]
[Site "Oslo"]
[Date "2015.04.17"]
[Round "2"]
[White "Ranaldi, Lucas"]
[Black "Svendsen, Bertil"]
[Result "1/2-1/2"]
[WhiteElo "2019"]
[BlackElo "2235"]
[PlyCount "55"]
[EventDate "2015.04.17"]
[EventType "swiss"]
[EventRounds "5"]
[EventCountry "NOR"]
[SourceTitle "CBM 166 Extra"]
[Source "ChessBase"]
[SourceDate "2015.06.18"]
[SourceVersion "1"]
[SourceVersionDate "2015.06.18"]
[SourceQuality "1"]

1. d4 e6 2. c4 Bb4+ 3. Nc3 c5 4. e3 Nf6 5. Bd3 0-0 6. Nf3 Bxc3+ 7. bxc3 d6 8. 0-0 Qe7 9. Qc2 e5 10. e4 Bg4 11. Nd2 cxd4 12. cxd4 Nc6 13. d5 Nd4 14. Qc3 Nd7 15. f3 Bh5 16. Nb3 Nxb3 17. axb3 Rfc8 18. Be3 Nc5 19. b4 Nxd3 20. Qxd3 b6 21. Rfc1 f6 22. c5 bxc5 23. bxc5 dxc5 24. d6 Qd7 25. Rxc5 Rxc5 26. Bxc5 Bf7 27. Bb6 Qc6 28. Be3 1/2-1/2

[Event "Oslo Nordstrand op"]
[Site "Oslo"]
[Date "2015.04.17"]
[Round "5"]
[White "Svendsen, Bertil"]
[Black "Groenn, Eskil Ekeland"]
[Result "1/2-1/2"]
[WhiteElo "2235"]
[BlackElo "2001"]
[PlyCount "69"]
[EventDate "2015.04.17"]
[EventType "swiss"]
[EventRounds "5"]
[EventCountry "NOR"]
[SourceTitle "CBM 166 Extra"]
[Source "ChessBase"]
[SourceDate "2015.06.18"]
[SourceVersion "1"]
[SourceVersionDate "2015.06.18"]
[SourceQuality "1"]

1. d4 Nf6 2. Bg5 Ne4 3. Bf4 d5 4. f3 Nf6 5. e4 dxe4 6. Nc3 exf3 7. Nxf3 e6 8. Bd3 Nc6 9. Bg5 Be7 10. Bb5 h6 11. Bh4 Nd5 12. Bg3 0-0 13. Qd2 Nxc3 14. bxc3 Bd7 15. Bd3 Bd6 16. Bh4 Qe8 17. 0-0 b5 18. Rae1 Ne7 19. Ne5 Bxe5 20. Rxe5 Ng6 21. Bxg6 fxg6 22. Rxf8+ Qxf8 23. Rc5 c6 24. Bg3 Qf7 25. Bd6 Be8 26. Re5 Rd8 27. Bc5 Rd5 28. Qe3 Rxe5 29. Qxe5 a5 30. Qb8 Kh7 31. Bd6 g5 32. Be5 Qh5 33. h3 Qf7 34. Qd8 a4 35. a3 1/2-1/2

[Event "NOR-chT 1415"]
[Site "Norway"]
[Date "2015.02.08"]
[Round "8.2"]
[White "Svendsen, Bertil"]
[Black "Sandal, Eirik"]
[Result "1-0"]
[WhiteElo "2228"]
[BlackElo "2032"]
[PlyCount "51"]
[EventDate "2014.10.31"]
[EventType "team-tourn"]
[EventRounds "11"]
[EventCountry "NOR"]
[SourceTitle "EXT 2016"]
[Source "ChessBase"]
[SourceDate "2015.10.08"]
[SourceVersion "1"]
[SourceVersionDate "2015.10.08"]
[SourceQuality "1"]
[WhiteTeam "SOSS"]
[BlackTeam "SK 96"]
[WhiteTeamCountry "NOR"]
[BlackTeamCountry "NOR"]

1. d4 d6 2. e4 g6 3. Nf3 Bg7 4. Bd3 Nd7 5. 0-0 c5 6. c3 Ngf6 7. Qe2 e5 8. dxe5 dxe5 9. a4 0-0 10. Na3 Re8 11. Rd1 Qc7 12. Nb5 Qc6 13. Bc4 Nf8 14. Rd6 Qxe4 15. Bxf7+ Kh8 16. Qxe4 Nxe4 17. Bxe8 Bf5 18. Rd1 Rxe8 19. Nxa7 Ne6 20. Nb5 c4 21. Be3 Nf4 22. Bxf4 exf4 23. Re1 Rd8 24. Nbd4 Nc5 25. Nxf5 gxf5 26. Ne5 1-0

[Event "Kragero op"]
[Site "Kragero"]
[Date "2009.08.28"]
[Round "1"]
[White "Bekkelien, Glenn Lewi"]
[Black "Svendsen, Bertil"]
[Result "0-1"]
[WhiteElo "1624"]
[BlackElo "2151"]
[PlyCount "78"]
[EventDate "2009.08.26"]
[EventType "swiss"]
[EventRounds "5"]
[EventCountry "NOR"]
[SourceTitle "EXT 2012"]
[Source "ChessBase"]
[SourceDate "2011.11.24"]
[SourceVersion "1"]
[SourceVersionDate "2011.11.24"]
[SourceQuality "1"]

1. Nf3 g6 2. g3 Bg7 3. Bg2 Nf6 4. d3 0-0 5. 0-0 d6 6. e4 c5 7. Nbd2 Nc6 8. c3 Rb8 9. a4 a6 10. d4 cxd4 11. Nxd4 Nd7 12. N2f3 Qc7 13. Bg5 Re8 14. Qe2 h6 15. Be3 Nf6 16. Bd2 Nd7 17. Be3 Nb6 18. Nd2 Ne5 19. f4 Nec4 20. Nxc4 Nxc4 21. Bf2 e5 22. fxe5 dxe5 23. Nf3 Be6 24. Rfd1 Bf8 25. Qc2 Na5 26. Nd2 Rbd8 27. b3 Bc5 28. c4 Bxf2+ 29. Kxf2 Qc5+ 30. Ke2 Nc6 31. Nf3 Bg4 32. Kf1 Bxf3 33. Bxf3 Qe3 34. Qf2 Qxb3 35. Be2 Rxd1+ 36. Rxd1 Nd4 37. c5 Qc3 38. Rb1 Re7 39. Qf6 Qxc5 0-1

[Event "NOR-chT 0607"]
[Site "Oslo"]
[Date "2007.03.11"]
[Round "9"]
[White "Skrondal, Inge Sandstad"]
[Black "Svendsen, Bertil"]
[Result "1-0"]
[WhiteElo "2157"]
[BlackElo "2221"]
[PlyCount "97"]
[EventDate "2006.11.10"]
[EventType "team"]
[EventRounds "9"]
[EventCountry "NOR"]
[SourceTitle "EXT 2008"]
[Source "ChessBase"]
[SourceDate "2007.11.25"]
[SourceVersion "1"]
[SourceVersionDate "2007.11.25"]
[SourceQuality "1"]

1. Nf3 Nf6 2. c4 e6 3. Nc3 c5 4. g3 Nc6 5. Bg2 Be7 6. 0-0 0-0 7. d4 cxd4 8. Nxd4 a6 9. e4 Qc7 10. Be3 Ne5 11. b3 Rb8 12. Rc1 Neg4 13. Bf4 d6 14. h3 Ne5 15. Be3 b6 16. f4 Ned7 17. Nd5 exd5 18. cxd5 Nc5 19. b4 Qd7 20. bxc5 bxc5 21. Nc6 Rb2 22. Rf2 Rxf2 23. Bxf2 Ne8 24. e5 Bd8 25. Rb1 dxe5 26. Nxd8 Qxd8 27. fxe5 Bf5 28. Rc1 Nc7 29. Rxc5 Ne6 30. Rc1 Ng5 31. Kh2 Ne4 32. Qd4 Nxf2 33. Qxf2 Bd7 34. Qd2 Re8 35. Re1 Qc7 36. Qf4 Bb5 37. a4 Qa5 38. e6 fxe6 39. Rxe6 Rf8 40. Qg5 Be8 41. Qe5 Bf7 42. Re7 Qxa4 43. d6 Qb5 44. Qf4 Qd3 45. d7 a5 46. Qe5 Qd2 47. Qf5 a4 48. Rxf7 Rxf7 49. Qd5 1-0

[Event "NOR-chT 0607"]
[Site "Oslo"]
[Date "2007.03.10"]
[Round "8"]
[White "Svendsen, Bertil"]
[Black "Stubberud, Ornulf A"]
[Result "1-0"]
[WhiteElo "2221"]
[BlackElo "2196"]
[PlyCount "95"]
[EventDate "2006.11.10"]
[EventType "team"]
[EventRounds "9"]
[EventCountry "NOR"]
[SourceTitle "EXT 2008"]
[Source "ChessBase"]
[SourceDate "2007.11.25"]
[SourceVersion "1"]
[SourceVersionDate "2007.11.25"]
[SourceQuality "1"]

1. d4 Nf6 2. Bg5 Ne4 3. Bf4 c5 4. f3 Qa5+ 5. c3 Nf6 6. d5 Qb6 7. Bc1 e6 8. e4 d6 9. a4 Be7 10. Na3 exd5 11. exd5 0-0 12. Ne2 Re8 13. Nc4 Qd8 14. Kf2 Nbd7 15. g4 Nf8 16. Ng3 b6 17. Ne3 a6 18. h4 g6 19. h5 N6d7 20. f4 Bf6 21. Bg2 Bg7 22. hxg6 fxg6 23. g5 Nb8 24. Ng4 Bxg4 25. Qxg4 Ra7 26. Bd2 Rf7 27. Rhe1 Nbd7 28. Kg1 Rxe1+ 29. Rxe1 c4 30. Qe2 b5 31. axb5 axb5 32. Qe8 Qxe8 33. Rxe8 Nc5 34. Bh3 Ra7 35. Be6+ Kh8 36. Be3 Ra1+ 37. Kg2 Nb3 38. Ne4 Re1 39. Kf2 Rb1 40. Nxd6 Rxb2+ 41. Kg3 Nd2 42. Nf7+ Kg8 43. Nd6+ Kh8 44. Nf7+ Kg8 45. Nh6+ Kh8 46. Bd4 Nf1+ 47. Kg4 Nh2+ 48. Kh3 1-0

[Event "NOR-chT 0607"]
[Site "Oslo"]
[Date "2006.11.12"]
[Round "3"]
[White "Borchgrevink, Harald"]
[Black "Svendsen, Bertil"]
[Result "1-0"]
[WhiteElo "2297"]
[BlackElo "2221"]
[PlyCount "63"]
[EventDate "2006.11.10"]
[EventType "team"]
[EventRounds "9"]
[EventCountry "NOR"]
[SourceTitle "CBM 115 Extra"]
[Source "ChessBase"]
[SourceDate "2007.01.10"]
[SourceVersion "1"]
[SourceVersionDate "2007.01.10"]
[SourceQuality "1"]

1. d4 c5 2. d5 g6 3. c4 Bg7 4. e4 d6 5. Nc3 Nf6 6. Bd3 0-0 7. Nge2 Na6 8. 0-0 Nc7 9. Bg5 Rb8 10. Qd2 a6 11. a4 b6 12. f4 Bd7 13. Ng3 Nfe8 14. f5 b5 15. h4 bxc4 16. Bxc4 Bd4+ 17. Kh1 Ng7 18. Rf3 Bc8 19. Raf1 Nce8 20. b3 Nf6 21. Nce2 Be5 22. Bh6 Re8 23. Qg5 Kh8 24. h5 Ngxh5 25. Nxh5 Nxh5 26. fxg6 fxg6 27. Rf8+ Rxf8 28. Rxf8+ Qxf8 29. Bxf8 Bf6 30. Qe3 Bg4 31. Bh6 Bxe2 32. Bxe2 1-0

[Event "NOR-chT 0607"]
[Site "Oslo"]
[Date "2006.11.11"]
[Round "2"]
[White "Pedersen, Jone Riska"]
[Black "Svendsen, Bertil"]
[Result "0-1"]
[WhiteElo "2184"]
[BlackElo "2221"]
[PlyCount "56"]
[EventDate "2006.11.10"]
[EventType "team"]
[EventRounds "9"]
[EventCountry "NOR"]
[SourceTitle "CBM 115 Extra"]
[Source "ChessBase"]
[SourceDate "2007.01.10"]
[SourceVersion "1"]
[SourceVersionDate "2007.01.10"]
[SourceQuality "1"]

1. e4 c5 2. c3 Nf6 3. e5 Nd5 4. d4 cxd4 5. Nf3 Nc6 6. Bc4 Nb6 7. Bb3 d5 8. exd6 Qxd6 9. cxd4 Be6 10. 0-0 Bxb3 11. Qxb3 e6 12. Nc3 Qb4 13. Qc2 Be7 14. a3 Qc4 15. Rd1 0-0 16. b3 Qa6 17. Ne4 Rac8 18. Neg5 g6 19. Qe4 Bf6 20. Qh4 h5 21. Qe4 Qb5 22. g4 Qxb3 23. Rd3 Qd5 24. Qf4 Bxg5 25. Nxg5 e5 26. dxe5 Qxd3 27. Ne4 Qd1+ 28. Kg2 Qxg4+ 0-1

[Event "NOR-chT"]
[Site "Oslo"]
[Date "2006.06.10"]
[Round "4"]
[White "Svendsen, Bertil"]
[Black "Rose, Dominik"]
[Result "1-0"]
[WhiteElo "2202"]
[BlackElo "2165"]
[PlyCount "75"]
[EventDate "2006.06.07"]
[EventType "team"]
[EventRounds "5"]
[EventCountry "NOR"]
[SourceTitle "CBM 112 Extra"]
[Source "ChessBase"]
[SourceDate "2006.07.14"]
[SourceVersion "1"]
[SourceVersionDate "2006.07.14"]
[SourceQuality "1"]

1. c4 c5 2. g3 g6 3. Bg2 Bg7 4. Nc3 Nc6 5. a3 e5 6. b4 d6 7. Rb1 Nge7 8. d3 0-0 9. e3 Rb8 10. Nge2 b6 11. 0-0 Be6 12. Nd5 Qd7 13. Nec3 h6 14. Bd2 Kh7 15. Qa4 Rbc8 16. Rfc1 f5 17. Nxe7 Nxe7 18. Qxd7 Bxd7 19. Nd5 Rf7 20. a4 Bc6 21. e4 fxe4 22. dxe4 Nxd5 23. exd5 Bd7 24. bxc5 dxc5 25. a5 Bf5 26. Rb3 bxa5 27. Bxa5 e4 28. Bd2 Bd4 29. Be3 Rfc7 30. h3 a5 31. Bxd4 cxd4 32. g4 Bd7 33. Bxe4 a4 34. Rb6 Be8 35. d6 Ra7 36. c5 a3 37. c6 a2 38. Ra1 1-0

[Event "Kragero op"]
[Site "Kragero"]
[Date "2005.11.20"]
[Round "4"]
[White "Lindblom, Roar"]
[Black "Svendsen, Bertil"]
[Result "1-0"]
[WhiteElo "1583"]
[BlackElo "2200"]
[PlyCount "78"]
[EventDate "2005.11.18"]
[EventType "swiss"]
[EventRounds "5"]
[EventCountry "NOR"]
[SourceTitle "CBM 109 Extra"]
[Source "ChessBase"]
[SourceDate "2006.01.03"]
[SourceVersion "2"]
[SourceVersionDate "2006.01.03"]
[SourceQuality "1"]

1. d4 Nf6 2. c4 c5 3. d5 e6 4. Nc3 exd5 5. cxd5 d6 6. e4 g6 7. Bd3 Bg7 8. Nge2 0-0 9. 0-0 Na6 10. Ng3 Nc7 11. a4 Rb8 12. f4 a6 13. a5 b5 14. axb6 Rxb6 15. Qc2 Nb5 16. Nxb5 axb5 17. h3 Re8 18. Re1 Nxd5 19. Bd2 Nc7 20. Be3 Ne6 21. Qf2 Qh4 22. Kh2 Rb7 23. Rad1 Bd7 24. Bb1 Nd4 25. Ne2 Qxf2 26. Bxf2 Nxe2 27. Rxe2 Bf8 28. Bg3 Bc6 29. Rdd2 Rd7 30. Re1 Bg7 31. Bf2 Bf8 32. Kg1 Ra7 33. Bc2 Rb7 34. Kf1 c4 35. g3 b4 36. Bd4 Ra8 37. Bf6 Ra6 38. g4 Bb5 39. Kf2 d5 1-0

[Event "Kragero op"]
[Site "Kragero"]
[Date "2005.11.20"]
[Round "5"]
[White "Svendsen, Bertil"]
[Black "Hobber, Anders"]
[Result "1-0"]
[WhiteElo "2200"]
[BlackElo "1432"]
[PlyCount "39"]
[EventDate "2005.11.18"]
[EventType "swiss"]
[EventRounds "5"]
[EventCountry "NOR"]
[SourceTitle "CBM 109 Extra"]
[Source "ChessBase"]
[SourceDate "2006.01.03"]
[SourceVersion "2"]
[SourceVersionDate "2006.01.03"]
[SourceQuality "1"]

1. c4 Nf6 2. g3 g6 3. Bg2 Bg7 4. Nc3 0-0 5. d3 Nc6 6. e4 e5 7. Nge2 d6 8. 0-0 Bg4 9. h3 Be6 10. b3 Qd7 11. Kh2 Ne8 12. Be3 Nd4 13. Qd2 f5 14. exf5 Rxf5 15. Bxd4 Rh5 16. Be3 Bxh3 17. Rh1 Bxg2+ 18. Kxg2 Qc6+ 19. f3 e4 20. dxe4 1-0

[Event "NOR-chT 0506"]
[Site "Norway"]
[Date "2005.11.06"]
[Round "2"]
[White "Sterk, Michel"]
[Black "Svendsen, Bertil"]
[Result "0-1"]
[WhiteElo "2036"]
[BlackElo "2200"]
[PlyCount "86"]
[EventDate "2005.11.01"]
[EventType "team"]
[EventRounds "2"]
[EventCountry "NOR"]
[SourceTitle "CBM 109 Extra"]
[Source "ChessBase"]
[SourceDate "2006.01.03"]
[SourceVersion "2"]
[SourceVersionDate "2006.01.03"]
[SourceQuality "1"]

1. d4 Nf6 2. c4 c5 3. d5 e6 4. Nc3 exd5 5. cxd5 d6 6. e4 g6 7. Bd3 Bg7 8. h3 0-0 9. Nf3 Re8 10. 0-0 a6 11. a4 Nbd7 12. Bf4 Qe7 13. Bh2 Nh5 14. Nd2 Qf6 15. Nc4 Nf4 16. Qf3 g5 17. Kh1 Qh6 18. h4 Ne5 19. Nxe5 Bxe5 20. hxg5 Qxg5 21. Bxf4 Bxf4 22. g3 Qh6+ 23. Kg1 Be5 24. Rfe1 Kh8 25. Be2 Rg8 26. Bf1 Rxg3+ 27. fxg3 Bd4+ 28. Qf2 Bxf2+ 29. Kxf2 Qf6+ 30. Kg2 Bg4 31. Be2 Rg8 32. Rf1 Qe5 33. Bxg4 Rxg4 34. Rf3 h5 35. Rh1 Kg7 36. Ne2 Qe7 37. Rf2 Qe5 38. Nf4 Qxe4+ 39. Kh2 h4 40. Nh5+ Kh6 41. Nf6 hxg3+ 42. Kh3 Qxh1+ 43. Kxg4 gxf2 0-1

[Event "Gausdal Byggern Masters"]
[Site "Gausdal"]
[Date "2005.10.08"]
[Round "8"]
[White "Svendsen, Bertil"]
[Black "Thomassen, Joachim"]
[Result "1-0"]
[WhiteElo "2205"]
[BlackElo "1963"]
[PlyCount "41"]
[EventDate "2005.10.01"]
[EventType "swiss"]
[EventRounds "9"]
[EventCountry "NOR"]
[SourceTitle "CBM 108 Extra"]
[Source "ChessBase"]
[SourceDate "2005.11.04"]
[SourceVersion "1"]
[SourceVersionDate "2005.11.04"]
[SourceQuality "1"]

1. d4 Nf6 2. Bg5 Ne4 3. Bf4 d5 4. f3 Nf6 5. e4 dxe4 6. Nc3 exf3 7. Nxf3 Bg4 8. Bd3 e6 9. 0-0 Bd6 10. Bg5 Be7 11. Kh1 0-0 12. Qe1 Bxf3 13. Rxf3 Nd5 14. Qe4 g6 15. Bh6 Re8 16. Raf1 Bf8 17. Rxf7 Bxh6 18. Rxh7 Qg5 19. Rxh6 Nxc3 20. Rxg6+ Kh8 21. bxc3 1-0

[Event "Gausdal Byggern Masters"]
[Site "Gausdal"]
[Date "2005.10.06"]
[Round "6"]
[White "Svendsen, Bertil"]
[Black "Myhrvold, Rune"]
[Result "0-1"]
[WhiteElo "2205"]
[BlackElo "2164"]
[PlyCount "88"]
[EventDate "2005.10.01"]
[EventType "swiss"]
[EventRounds "9"]
[EventCountry "NOR"]
[SourceTitle "CBM 108 Extra"]
[Source "ChessBase"]
[SourceDate "2005.11.04"]
[SourceVersion "1"]
[SourceVersionDate "2005.11.04"]
[SourceQuality "1"]

1. c4 e5 2. g3 f5 3. Bg2 Nf6 4. Nc3 Be7 5. d3 c6 6. e4 d6 7. Nge2 0-0 8. 0-0 Qe8 9. b3 Qh5 10. f3 Na6 11. exf5 Qxf5 12. d4 Qh5 13. Ba3 Rd8 14. Qd2 Nc7 15. Rad1 Be6 16. Qe3 Re8 17. Rfe1 Bf7 18. g4 Qh4 19. Ng3 Bg6 20. Qf2 Nd7 21. d5 cxd5 22. Nxd5 Nxd5 23. Rxd5 Nf6 24. Rdd1 e4 25. Nh1 Qg5 26. h3 Qa5 27. Bc1 Rad8 28. f4 d5 29. Be3 dxc4 30. bxc4 Bb4 31. Rf1 Bf7 32. Rxd8 Qxd8 33. Rc1 b6 34. g5 Nd7 35. Rd1 Qc7 36. Ng3 Nc5 37. Kh2 Nd3 38. Qf1 Bxc4 39. Nxe4 Nb2 40. Rc1 Bxf1 41. Rxc7 Bxg2 42. Kxg2 Rxe4 43. Kf3 Re7 44. Rc8+ Kf7 0-1

[Event "Gausdal Byggern Masters"]
[Site "Gausdal"]
[Date "2005.10.02"]
[Round "2"]
[White "Svendsen, Bertil"]
[Black "Brynell, Stellan"]
[Result "0-1"]
[WhiteElo "2205"]
[BlackElo "2496"]
[PlyCount "45"]
[EventDate "2005.10.01"]
[EventType "swiss"]
[EventRounds "9"]
[EventCountry "NOR"]
[SourceTitle "CBM 108 Extra"]
[Source "ChessBase"]
[SourceDate "2005.11.04"]
[SourceVersion "1"]
[SourceVersionDate "2005.11.04"]
[SourceQuality "1"]

1. c4 Nf6 2. g3 e6 3. Bg2 d5 4. Nf3 Be7 5. 0-0 0-0 6. b3 c5 7. Bb2 Nc6 8. cxd5 exd5 9. d4 Ne4 10. e3 Bf6 11. Nbd2 Bf5 12. Nxe4 dxe4 13. Nd2 Re8 14. g4 Bg6 15. g5 Bxg5 16. dxc5 Qe7 17. Nc4 Red8 18. Qe2 Qxc5 19. Ba3 Qb5 20. Qc2 Bf6 21. Rac1 Qh5 22. Nd6 Be5 23. Qd1 0-1